• 首页
  • 本馆介绍
  • 公告通知
  • 最新文献
  • 馆藏检索
  • 电子资源
  • 读者荐购
  • 参考咨询
  • CALIS
  • 我的图书馆
  • 登录
  • 详细信息显示
  • 放入我的书架
  • 预约/预借图书
  • 作者相关作品
  • 分类相关作品
  • 丛书相关作品
  • 出版社相关作品

书目信息

  • 表格格式
  • 工作单格式
  • 卡片格式
题名:
电力系统及电气设备概论
    
 
作者: 刘柏青 主编
分册:  
出版信息: 武汉   武汉大学出版社  2005.04
页数: 231页
开本: 26cm
丛书名:
单 册:
中图分类: TM7
科图分类:
主题词: 电力系统--dian li xi tong--概论--高等学校--教材 , 电气设备--dian qi she bei--概论--高等学校--教材
电子资源:
ISBN: 7-307-04410-2
 
 
 
 
 
000 01000nam0 2200253 450
001 012006371827
005 20060421105613.23
010    @a7-307-04410-2@dCNY25.00
100    @a20060421d2005 km y0chiy0120 ea
101 0  @achi
102    @aCN@b420000
105    @aa a 000yy
200 1  @a电力系统及电气设备概论@Adian li xi tong ji dian qi she bei gai lun@f刘柏青主编@Fliu bai qing zhu bian
210    @a武汉@c武汉大学出版社@d2005.04
215    @a231页@c图@d26cm
320    @a有书目 (第230-231页)。
330    @a本书介绍了电力工程、发电站、变电站、配电站电气部分的基本理论和基本知识。全书共分5章,包括电力系统,主要电气设备的作用、原理、结构及选择,电气一次接线,二次接线的要求与接线形式,电气设备的布置等内容。
333    @a高等学校电力类教材
606 0  @a电力系统@Adian li xi tong@x概论@x高等学校@j教材
606 0  @a电气设备@Adian qi she bei@x概论@x高等学校@j教材
690    @aTM7@v4
701  0 @a刘柏青@Aliu bai qing@4主编
801  0 @aCN@bQSSK@c20060421
905    @a10447@dTM7@eL585
    
    电力系统及电气设备概论/刘柏青主编.-武汉:武汉大学出版社,2005.04
    231页:图;26cm
    使用对象:高等学校电力类教材
    
    ISBN 7-307-04410-2:CNY25.00
    本书介绍了电力工程、发电站、变电站、配电站电气部分的基本理论和基本知识。全书共分5章,包括电力系统,主要电气设备的作用、原理、结构及选择,电气一次接线,二次接线的要求与接线形式,电气设备的布置等内容。
●
相关链接 在E读中查询图书 在当当中查询图书 在豆瓣中查询图书


正题名:电力系统及电气设备概论     索取号:TM7/L585         预约/预借

序号 登录号 条形码 馆藏地/架位号 状态 备注
1 558946   205589460   期刊室512/301自科库 11排3列4层/ [索取号:TM7/L585] 在馆    
2 558947   205589479   期刊室512/301自科库 11排3列4层/ [索取号:TM7/L585] 在馆    
3 558948   205589488   自科二线400A/400A自科库 6排3列5层/ [索取号:TM7/L585] 在馆    
河南城建学院图书馆 欢迎您!
大连网信软件有限公司© 版权所有